Aprenents i minyones : la infància abandonada a la Barcelona del vuit-cents / Montserrat Alay Suárez la infància abandonada a la Barcelona del vuit-cents / Montserrat Alay Suárez
MARC
| LEADER | 00000nam a2200000Ia 4500 | ||
|---|---|---|---|
| 001 | 16346 | ||
| 008 | 160829s2003 xx 000 0 cat d | ||
| 020 | |a 1130-0272 | ||
| 080 | |a S-1-200 | ||
| 100 | |a Alay, Montserrat |9 31864 | ||
| 245 | |a Aprenents i minyones : |b la infància abandonada a la Barcelona del vuit-cents / Montserrat Alay Suárez | ||
| 260 | |a Sant Andreu del Palomar [Barcelona] : |b Centre d'Estudis Ignasi Iglésias, |c 2003 | ||
| 300 | |a 208 p. : |b il. ; |c 24 cm | ||
| 490 | |a Llibres de finestrelles ; 1 | ||
| 590 | |a Bibliografia. | ||
| 590 | |a Hi ha un duplicat: DUP-206. | ||
| 590 | |a S'ha utilitzat el fons de l'Arxiu General de la Diputació de Barcelona | ||
| 610 | 2 | 0 | |a Casa de Maternitat i Expòsits de Barcelona |9 52670 |
| 610 | 2 | 0 | |a Casa de Caritat (Barcelona, Catalunya) |x Història |9 54320 |
| 650 | |a Expòsits |x Barcelona |x S. XIX I |9 32777 | ||
| 650 | 0 | |a Beneficència |z Barcelona (Catalunya) |x Història |y S. XIX |9 37326 | |
| 650 | |a Assistència social |x Barcelona |x Història |x S. XIX |9 37327 | ||
| 710 | 2 | |a Centre d'Estudis Ignasi Iglésias |9 53194 | |
| 901 | |a Arxiu | ||
| 942 | |n 1 | ||
| 952 | |0 0 |1 0 |4 0 |6 S1200 |7 1 |9 47802 |a Arxiu |b Arxiu |d 2016-12-01 |l 0 |o S-1-200 |p 16346 |r 2016-12-01 00:00:00 |w 2016-12-01 |y ARXIU | ||
| 999 | |c 51601 |d 51601 | ||